000 00990pam a2200277 a 4500
001 3561471
005 20150127104706.0
008 981104s1999 paua b 001 0 eng c
010 _a 98032246
020 _a9780721606323
040 _aDNLM/DLC
_cDLC
_dDLC
050 1 0 _aRC 78.7.D53
_b.Sn59 2006
100 1 _aSnopek, Albert Michael,
_d1942-
245 1 0 _aFundamentals of special radiographic procedures /
_cAlbert M. Snopek.
250 _a5th ed.
260 _aPhiladelphia :
_bSaunders,
_cc2006.
300 _ax, 472 pages :
_billustrations ;
_c26 cm.
504 _aIncludes bibliographical references and index.
521 _aRadiologist
650 1 2 _aRadiography
_xmethods.
650 0 _aDiagnostic imaging.
650 1 2 _aRadiography
_xmethods.
906 _a7
_bcbc
_corignew
_d1
_eocip
_f19
_gy-gencatlg
942 _2lcc
_cBK
999 _c278739
_d278739